[Event "Titled Tuesday intern op 26th Sep Early"]
[Site "Chess.com INT"]
[Date "2023.09.26"]
[Round "2"]
[White "Derjabin, Ilja"]
[Black "Miladinovic, Igor"]
[Result "0-1"]
[WhiteElo "2333"]
[BlackElo "2489"]
[PlyCount "54"]
[EventDate "2023.09.26"]
[EventType "swiss (blitz)"]
[EventRounds "11"]
[EventCountry "USA"]
[SourceTitle "EXT 2024"]
[Source "ChessBase"]
[SourceDate "2023.10.10"]
[SourceVersion "1"]
[SourceVersionDate "2023.10.10"]
[SourceQuality "1"]

1. d4 d5 2. c4 Nc6 3. Nf3 Bg4 4. cxd5 Bxf3 5. dxc6 Bxc6 6. Nc3 e6 7. e4 Bb4 8. f3 Qh4+ 9. g3 Qf6 10. a3 Ba5 11. Be3 0-0-0 12. Be2 Bb6 13. e5 Qg6 14. a4 Ne7 15. a5 Bxd4 16. Bxd4 Nf5 17. a6 b6 18. 0-0 Nxd4 19. Qc1 Nb3 20. Qe3 Nxa1 21. Rxa1 Qc2 22. Rc1 Qxb2 23. Nb5 Bxb5 24. Bxb5 Qxb5 25. Qg5 Qb2 26. Rxc7+ Kxc7 27. Qc1+ Qxc1+ 0-1

[Event "Titled Tuesday intern op 26th Sep Late"]
[Site "Chess.com INT"]
[Date "2023.09.26"]
[Round "3"]
[White "Miladinovic, Igor"]
[Black "Nakamura, Hikaru"]
[Result "0-1"]
[WhiteElo "2489"]
[BlackElo "2780"]
[PlyCount "76"]
[EventDate "2023.09.26"]
[EventType "swiss (blitz)"]
[EventRounds "11"]
[EventCountry "USA"]
[SourceTitle "EXT 2024"]
[Source "ChessBase"]
[SourceDate "2023.10.10"]
[SourceVersion "1"]
[SourceVersionDate "2023.10.10"]
[SourceQuality "1"]

1. d4 a6 2. e4 e6 3. Be3 d5 4. e5 c5 5. c3 Qb6 6. Qd2 cxd4 7. cxd4 Ne7 8. Bd3 Nbc6 9. Nc3 Bd7 10. Nf3 Rc8 11. 0-0 Na5 12. b3 Ng6 13. Na4 Bxa4 14. bxa4 Nc4 15. Qc2 Rc6 16. Rab1 Qc7 17. Qb3 b6 18. Bxc4 dxc4 19. Qc2 Ne7 20. Ng5 Nd5 21. Ne4 Be7 22. Bg5 0-0 23. Bxe7 Nxe7 24. Nd6 Rd8 25. Rfc1 Nc8 26. Nxc8 Qxc8 27. Qc3 Qd7 28. Rd1 h5 29. h4 Qd5 30. Rb4 Kf8 31. g3 Ke8 32. Rb2 Kd7 33. a5 b5 34. a4 Ke8 35. axb5 axb5 36. Qb4 c3 37. Rc2 Qc4 38. Qb3 Qxb3 0-1

[Event "Titled Tuesday intern op 26th Sep Early"]
[Site "Chess.com INT"]
[Date "2023.09.26"]
[Round "11"]
[White "Miladinovic, Igor"]
[Black "Pichot, Alan"]
[Result "1/2-1/2"]
[WhiteElo "2489"]
[BlackElo "2648"]
[PlyCount "143"]
[EventDate "2023.09.26"]
[EventType "swiss (blitz)"]
[EventRounds "11"]
[EventCountry "USA"]
[SourceTitle "EXT 2024"]
[Source "ChessBase"]
[SourceDate "2023.10.10"]
[SourceVersion "1"]
[SourceVersionDate "2023.10.10"]
[SourceQuality "1"]

1. d4 Nf6 2. Bg5 d5 3. Bxf6 gxf6 4. e3 Bf5 5. Bd3 Bg6 6. h4 e6 7. h5 Bxd3 8. Qxd3 c5 9. dxc5 Bxc5 10. Nf3 Nc6 11. c3 f5 12. Nbd2 Qb6 13. b4 Be7 14. a4 Bf6 15. Rb1 Rc8 16. a5 Qc7 17. c4 0-0 18. 0-0 Rfd8 19. Rfc1 Qe7 20. c5 a6 21. b5 Nxa5 22. Qa3 Nc4 23. Nxc4 dxc4 24. Rxc4 axb5 25. Rcc1 b6 26. Qa6 Rxc5 27. Qxb6 Rxc1+ 28. Rxc1 b4 29. Rc7 Rd1+ 30. Kh2 Qd6+ 31. Qxd6 Rxd6 32. Rb7 Bc3 33. h6 Rd8 34. Kg3 Kf8 35. Kf4 Bf6 36. Rxb4 Rd7 37. Rc4 Ke7 38. g4 fxg4 39. Kxg4 Ra7 40. Nd2 Ra5 41. f4 Kd7 42. Ne4 Be7 43. Kf3 Rh5 44. Rd4+ Ke8 45. Ra4 Rxh6 46. Ra8+ Kd7 47. Ra7+ Ke8 48. Ra8+ Bd8 49. Ra7 Rh3+ 50. Kf2 f5 51. Nd2 Bh4+ 52. Ke2 Bf6 53. Nc4 h5 54. Nd6+ Kd8 55. Rf7 Be7 56. Nb7+ Ke8 57. Rh7 h4 58. Na5 Rh1 59. Kf3 Bc5 60. Nc6 Rh3+ 61. Kg2 Rxe3 62. Rxh4 Kd7 63. Ne5+ Ke7 64. Rh7+ Ke8 65. Ng6 Re4 66. Kf3 Bd4 67. Re7+ Kd8 68. Rf7 Ke8 69. Re7+ Kd8 70. Rf7 Bc3 71. Rh7 Bd4 72. Rf7 1/2-1/2

[Event "Titled Tuesday intern op 26th Sep Early"]
[Site "Chess.com INT"]
[Date "2023.09.26"]
[Round "4"]
[White "Miladinovic, Igor"]
[Black "Rasulov, Vugar Ural Oglu"]
[Result "0-1"]
[WhiteElo "2489"]
[BlackElo "2538"]
[PlyCount "82"]
[EventDate "2023.09.26"]
[EventType "swiss (blitz)"]
[EventRounds "11"]
[EventCountry "USA"]
[SourceTitle "EXT 2024"]
[Source "ChessBase"]
[SourceDate "2023.10.10"]
[SourceVersion "1"]
[SourceVersionDate "2023.10.10"]
[SourceQuality "1"]

1. d4 Nf6 2. Bg5 Ne4 3. h4 c5 4. dxc5 Qa5+ 5. Nd2 Nxd2 6. Qxd2 Qxc5 7. e4 d6 8. Nf3 h6 9. Be3 Qc7 10. c3 Nc6 11. Nd4 a6 12. Nxc6 bxc6 13. Bc4 e6 14. f4 Be7 15. g4 d5 16. Bd3 Bb7 17. Bd4 Bf6 18. e5 Be7 19. b4 a5 20. h5 axb4 21. cxb4 Ra3 22. Rh3 Ba6 23. Rb1 Bc4 24. Rb2 Qb7 25. Re3 0-0 26. Bh7+ Kxh7 27. Rxa3 Bh4+ 28. Bf2 Bxf2+ 29. Qxf2 f6 30. Qa7 Qc8 31. Rf2 Qd8 32. Qb7 fxe5 33. Ra7 Rg8 34. Qe7 Qb6 35. Qc5 Qd8 36. Qe7 Qb6 37. Qc5 Qb8 38. f5 e4 39. f6 Qg3 40. f7 Rf8 41. Qd4 e3 0-1

[Event "Titled Tuesday intern op 08th Aug Late"]
[Site "Chess.com INT"]
[Date "2023.08.08"]
[Round "2"]
[White "Herman, Daniel"]
[Black "Miladinovic, Igor"]
[Result "0-1"]
[WhiteElo "1928"]
[BlackElo "2489"]
[PlyCount "115"]
[EventDate "2023.08.08"]
[EventType "swiss (blitz)"]
[EventRounds "11"]
[EventCountry "USA"]
[SourceTitle "EXT 2024"]
[Source "ChessBase"]
[SourceDate "2023.10.10"]
[SourceVersion "1"]
[SourceVersionDate "2023.10.10"]
[SourceQuality "1"]

1. c4 e5 2. e3 Nc6 3. a3 g6 4. Nc3 Bg7 5. Nf3 Nf6 6. Qc2 0-0 7. b4 e4 8. Ng5 Re8 9. Bb2 h6 10. Nh3 d6 11. Nf4 Bf5 12. Be2 a5 13. b5 Ne5 14. 0-0 c6 15. Rab1 g5 16. Nh5 Nxh5 17. Bxh5 Nd3 18. Be2 Nxb2 19. Rxb2 d5 20. bxc6 bxc6 21. cxd5 cxd5 22. Rb5 Be6 23. d4 Qd6 24. Rc5 Rec8 25. Na4 Bf8 26. Rc1 Qd8 27. Rxc8 Rxc8 28. Nc5 Bxc5 29. dxc5 Qf6 30. Qc3 Qxc3 31. Rxc3 Kf8 32. Kf1 Rb8 33. Ke1 Rb2 34. c6 Ke7 35. Ba6 Rb1+ 36. Kd2 Rb2+ 37. Ke1 Rb1+ 38. Kd2 Rb6 39. Bb7 Kd6 40. f3 Kc7 41. fxe4 dxe4 42. Rc5 Rb2+ 43. Kc3 Rxg2 44. Rxa5 Rxh2 45. Ra7 Rh1 46. Ba8+ Kb8 47. Ra5 g4 48. c7+ Kxc7 49. Bxe4 Rh3 50. Kd4 g3 51. Ra7+ Kd6 52. Ra6+ Ke7 53. Ke5 Rh5+ 54. Kf4 Rg5 55. Bg2 Rg6 56. a4 h5 57. a5 h4 58. Rxe6+ 0-1

[Event "Titled Tuesday intern op 08th Aug Late"]
[Site "Chess.com INT"]
[Date "2023.08.08"]
[Round "5"]
[White "Miladinovic, Igor"]
[Black "Bilan, Danila"]
[Result "0-1"]
[WhiteElo "2489"]
[BlackElo "2303"]
[PlyCount "78"]
[EventDate "2023.08.08"]
[EventType "swiss (blitz)"]
[EventRounds "11"]
[EventCountry "USA"]
[SourceTitle "EXT 2024"]
[Source "ChessBase"]
[SourceDate "2023.10.10"]
[SourceVersion "1"]
[SourceVersionDate "2023.10.10"]
[SourceQuality "1"]

1. d4 d5 2. Bg5 c6 3. e3 Bf5 4. Nf3 Qb6 5. Qc1 e6 6. Be2 h6 7. Bf4 Nd7 8. 0-0 c5 9. c4 Ngf6 10. Nc3 dxc4 11. Bxc4 cxd4 12. Nxd4 Bg6 13. Na4 Qd8 14. Nb5 e5 15. Bxe5 Nxe5 16. Rd1 Qc8 17. Bxf7+ Kxf7 18. Nc7 Rb8 19. f4 Ne8 20. fxe5 Qxc7 21. Qd2 Kg8 22. Qd5+ Kh7 23. Rac1 Qe7 24. e6 Nc7 25. Qe5 Qxe6 26. Qxc7 Qxe3+ 27. Kh1 Bb4 28. Rd7 Rhg8 29. Rg1 Ba5 30. Qd6 Bb6 31. Rxg7+ Rxg7 32. Rf1 Qg5 33. Qxg6+ Qxg6 34. g3 Qg5 35. Kg2 Qd5+ 36. Kh3 Qd3 37. Rf4 Rbg8 38. Rh4 Rxg3+ 39. hxg3 Qxg3# 0-1

[Event "Titled Tuesday intern op 25th Jul Late"]
[Site "Chess.com INT"]
[Date "2023.07.25"]
[Round "8"]
[White "Haydon, David Leslie"]
[Black "Miladinovic, Igor"]
[Result "0-1"]
[WhiteElo "2230"]
[BlackElo "2489"]
[PlyCount "128"]
[EventDate "2023.07.25"]
[EventType "swiss (blitz)"]
[EventRounds "11"]
[EventCountry "USA"]
[SourceTitle "EXT 2024"]
[Source "ChessBase"]
[SourceDate "2023.10.10"]
[SourceVersion "1"]
[SourceVersionDate "2023.10.10"]
[SourceQuality "1"]

1. d4 d5 2. Nc3 Bf5 3. Bf4 e6 4. e3 Bd6 5. Bd3 Bg6 6. Nf3 Nc6 7. Ne2 Nf6 8. c3 Ne4 9. Qc2 a6 10. Ng3 f5 11. Ne2 Bh5 12. Nd2 0-0 13. f3 Nxd2 14. Qxd2 e5 15. dxe5 Nxe5 16. Nd4 Qd7 17. Be2 c5 18. Nb3 Bf7 19. Nxc5 Nxf3+ 20. Bxf3 Bxc5 21. 0-0-0 Rad8 22. Kb1 h6 23. h4 Rfe8 24. Rhe1 Qe6 25. b3 a5 26. Ka1 a4 27. bxa4 Be7 28. Bc7 Rd7 29. Ba5 Ra8 30. c4 Qa6 31. Bc3 Qxa4 32. Bxd5 Bxd5 33. cxd5 Kh7 34. Rb1 Qc4 35. Red1 Ra3 36. Bd4 Rxd5 37. Rdc1 Qa4 38. Rb2 b5 39. Rcb1 Bf6 40. Qc2 Bxd4 41. exd4 Qxd4 42. g4 Qe4 43. gxf5 Qxc2 44. Rxc2 Rxf5 45. Rb4 Rh3 46. Rcb2 Rf1+ 47. Rb1 Rfh1 48. Rxh1 Rxh1+ 49. Kb2 Rh3 50. Rxb5 Rxh4 51. Rb3 g5 52. a3 Kg6 53. Rb6+ Kh5 54. Rb4 g4 55. a4 g3 56. Rb5+ Kg6 57. Rb8 Kg7 58. Rb7+ Kf6 59. Rb3 Rg4 60. Rf3+ Kg5 61. Rf1 Rxa4 62. Rg1 Kg4 63. Kc3 h5 64. Ra1 Rxa1 0-1

[Event "Titled Tuesday intern op 25th Jul Late"]
[Site "Chess.com INT"]
[Date "2023.07.25"]
[Round "7"]
[White "Miladinovic, Igor"]
[Black "Vlassov, Nikolai"]
[Result "1-0"]
[WhiteElo "2489"]
[BlackElo "2283"]
[PlyCount "95"]
[EventDate "2023.07.25"]
[EventType "swiss (blitz)"]
[EventRounds "11"]
[EventCountry "USA"]
[SourceTitle "EXT 2024"]
[Source "ChessBase"]
[SourceDate "2023.10.10"]
[SourceVersion "1"]
[SourceVersionDate "2023.10.10"]
[SourceQuality "1"]

1. d4 Nf6 2. Nc3 d5 3. Bf4 e6 4. e3 Bb4 5. a3 Bxc3+ 6. bxc3 0-0 7. c4 c5 8. Nf3 Nc6 9. cxd5 Nxd5 10. Bg3 cxd4 11. exd4 Qa5+ 12. Qd2 Qxd2+ 13. Kxd2 Rd8 14. Bd3 b6 15. h3 Bb7 16. c4 Nde7 17. Ke3 Rd7 18. Rhd1 Rad8 19. Rac1 g6 20. Bh4 Kg7 21. Be4 f6 22. Bg3 g5 23. Bh2 h5 24. g4 hxg4 25. hxg4 Na5 26. Bxb7 Rxb7 27. Ke2 Rc8 28. d5 exd5 29. cxd5 Rxc1 30. Rxc1 Nxd5 31. Nd4 Kg6 32. Bd6 Rd7 33. Nf5 b5 34. Rc5 Nf4+ 35. Bxf4 gxf4 36. Rxb5 Nc4 37. Kf3 Nxa3 38. Rb8 Nc4 39. Kxf4 Ne5 40. Ra8 Kf7 41. Ke4 Rc7 42. Nh6+ Kg6 43. Nf5 Nxg4 44. Rg8+ Kh5 45. Ng3+ Kh4 46. Kf4 Rc4+ 47. Ne4 Nxf2 48. Rh8# 1-0

[Event "Titled Tuesday intern op 25th Jul Late"]
[Site "Chess.com INT"]
[Date "2023.07.25"]
[Round "6"]
[White "Tifferet, Shaked"]
[Black "Miladinovic, Igor"]
[Result "0-1"]
[WhiteElo "2279"]
[BlackElo "2489"]
[PlyCount "64"]
[EventDate "2023.07.25"]
[EventType "swiss (blitz)"]
[EventRounds "11"]
[EventCountry "USA"]
[SourceTitle "EXT 2024"]
[Source "ChessBase"]
[SourceDate "2023.10.10"]
[SourceVersion "1"]
[SourceVersionDate "2023.10.10"]
[SourceQuality "1"]

1. e4 c6 2. Nc3 d5 3. d4 dxe4 4. Nxe4 Nf6 5. Nxf6+ exf6 6. c3 Bd6 7. Bd3 0-0 8. Ne2 Re8 9. Be3 Nd7 10. Qc2 Nf8 11. 0-0 Qc7 12. Ng3 Be6 13. a4 Rad8 14. Rae1 c5 15. dxc5 Bxc5 16. Bxc5 Qxc5 17. Re3 Bb3 18. Rxe8 Bxc2 19. Rxd8 Bxd3 20. Rxd3 g6 21. Ne4 Qc6 22. Rd4 f5 23. Ng5 h6 24. Nf3 Ne6 25. Rh4 h5 26. Rd1 f4 27. Nd4 Qxa4 28. b3 Qd7 29. Kf1 Nxd4 30. Rxd4 Qb5+ 31. Rc4 Qxb3 32. Rhxf4 Qd1# 0-1

[Event "Titled Tuesday intern op 27th Jun Late"]
[Site "Chess.com INT"]
[Date "2023.06.27"]
[Round "2"]
[White "Miladinovic, Igor"]
[Black "Bueno, Alfeu Varela Jr"]
[Result "1-0"]
[WhiteElo "2507"]
[BlackElo "2135"]
[PlyCount "135"]
[EventDate "2023.06.27"]
[EventType "swiss (blitz)"]
[EventRounds "11"]
[EventCountry "USA"]
[SourceTitle "EXT 2024"]
[Source "ChessBase"]
[SourceDate "2023.10.10"]
[SourceVersion "1"]
[SourceVersionDate "2023.10.10"]
[SourceQuality "1"]

1. d4 e6 2. e4 d5 3. Nc3 Nf6 4. e5 Nfd7 5. f4 c5 6. Nf3 Nc6 7. Be3 cxd4 8. Nxd4 Bc5 9. Qd2 0-0 10. h4 a6 11. h5 Nxd4 12. Bxd4 b5 13. h6 g6 14. Rh3 Qb6 15. 0-0-0 Bb7 16. Kb1 Rac8 17. g4 Qa5 18. f5 Bxd4 19. Qxd4 b4 20. Ne2 Qc7 21. Rc1 Qxe5 22. Qxb4 Bc6 23. fxe6 fxe6 24. Qd4 Bb5 25. Qd2 Rxf1 26. Rxf1 Qxe2 27. Qxe2 Bxe2 28. Rg1 Nf6 29. g5 Ne4 30. Re3 Bb5 31. b3 Bc6 32. Kb2 Rf8 33. Rg2 Rf5 34. a4 Kf7 35. Rge2 Ke7 36. c4 Rxg5 37. cxd5 exd5 38. Rc2 Kd6 39. Rf3 Rh5 40. Rf8 Rxh6 41. Rd8+ Kc7 42. Rxd5 g5 43. Rd4 Kb7 44. Rb4+ Ka7 45. Rbc4 Kb7 46. Rb4+ Ka7 47. Ka3 Rg6 48. Rbc4 Kb7 49. Rh2 h6 50. Rhc2 g4 51. Rb4+ Kc7 52. Rxe4 g3 53. Re1 g2 54. Rg1 h5 55. Rc4 Rg4 56. Rc3 h4 57. b4 Rg3 58. Kb3 h3 59. Rxg3 h2 60. Rg7+ Kb6 61. a5+ Kb5 62. Rg5+ Bd5+ 63. Rxd5+ Kc6 64. Rc5+ Kd6 65. Rcc1 hxg1Q 66. Rxg1 Ke5 67. Rxg2 Kf4 68. Rc2 1-0

[Event "Titled Tuesday intern op 27th Jun Late"]
[Site "Chess.com INT"]
[Date "2023.06.27"]
[Round "3"]
[White "Perske, Thore"]
[Black "Miladinovic, Igor"]
[Result "0-1"]
[WhiteElo "2448"]
[BlackElo "2507"]
[PlyCount "76"]
[EventDate "2023.06.27"]
[EventType "swiss (blitz)"]
[EventRounds "11"]
[EventCountry "USA"]
[SourceTitle "EXT 2024"]
[Source "ChessBase"]
[SourceDate "2023.10.10"]
[SourceVersion "1"]
[SourceVersionDate "2023.10.10"]
[SourceQuality "1"]

1. e4 c6 2. d4 d5 3. e5 Bf5 4. Nf3 e6 5. Be2 h6 6. 0-0 Ne7 7. Nbd2 Bg6 8. c3 Nf5 9. a4 Be7 10. a5 0-0 11. b4 Nd7 12. Nb3 Qc7 13. g4 Nh4 14. Nxh4 Bxh4 15. f4 Be4 16. Bf3 Bxf3 17. Rxf3 f6 18. Be3 b6 19. Kg2 fxe5 20. fxe5 Rxf3 21. Qxf3 Rf8 22. Qe2 c5 23. axb6 axb6 24. bxc5 bxc5 25. Rf1 Rb8 26. Nd2 cxd4 27. cxd4 Qc2 28. Qa6 Qg6 29. Kh3 Bg5 30. Bxg5 hxg5 31. Nf3 Rb2 32. Qc8+ Nf8 33. Qc1 Rb3 34. Kg2 Qe4 35. Qxg5 Ng6 36. Kg3 Qd3 37. h4 Qxf1 38. Qd8+ Nf8 0-1

[Event "Titled Tuesday intern op 13th Jun Early"]
[Site "Chess.com INT"]
[Date "2023.06.13"]
[Round "10"]
[White "Miladinovic, Igor"]
[Black "Bacrot, Etienne"]
[Result "1/2-1/2"]
[WhiteElo "2507"]
[BlackElo "2672"]
[PlyCount "171"]
[EventDate "2023.06.13"]
[EventType "swiss (blitz)"]
[EventRounds "11"]
[EventCountry "USA"]
[SourceTitle "EXT 2024"]
[Source "ChessBase"]
[SourceDate "2023.10.10"]
[SourceVersion "1"]
[SourceVersionDate "2023.10.10"]
[SourceQuality "1"]

1. d4 g6 2. e4 Bg7 3. Nc3 d6 4. Be3 Nf6 5. f3 a6 6. Qd2 h6 7. g4 b5 8. h4 Bb7 9. Nh3 e6 10. a4 b4 11. Ne2 a5 12. Ng3 Nbd7 13. 0-0-0 Qe7 14. g5 hxg5 15. hxg5 Nh5 16. Nxh5 Rxh5 17. Bb5 c6 18. Be2 0-0-0 19. Nf4 Rxh1 20. Rxh1 e5 21. Nh3 exd4 22. Bxd4 Bxd4 23. Qxd4 d5 24. Qa7 Qc5 25. Qxc5 Nxc5 26. exd5 cxd5 27. Nf4 Nxa4 28. Rh7 Rf8 29. Nd3 Ba6 30. Nf4 Bxe2 31. Nxe2 Kd7 32. Nd4 Kd6 33. f4 Nc5 34. f5 Ke5 35. fxg6 Kxd4 36. gxf7 Ne6 37. g6 Ke5 38. g7 Nxg7 39. Rxg7 Kf6 40. Rg8 Kxf7 41. Rg5 Ke6 42. Rg6+ Rf6 43. Rg8 Rf1+ 44. Kd2 Ra1 45. b3 Ke5 46. Rg5+ Kd4 47. Rg4+ Kc5 48. Rg8 Rh1 49. Ra8 Kb6 50. Rd8 Kc6 51. Ra8 Kb6 52. Rd8 Rh5 53. Kd3 Rh3+ 54. Kd2 Rh5 55. Kd3 Kc7 56. Ra8 Rh3+ 57. Kd4 Kb6 58. Rc8 Rh5 59. Kd3 Rh3+ 60. Kd4 Rh5 61. Kd3 Rh6 62. Kd4 Rc6 63. Rb8+ Kc7 64. Ra8 Kb6 65. Rb8+ Ka7 66. Rb5 Ka6 67. Rxd5 Rxc2 68. Rd6+ Kb5 69. Rd5+ Kb6 70. Rh5 Rc3 71. Rh6+ Kb5 72. Rh5+ Kb6 73. Rh6+ Rc6 74. Rh5 Rd6+ 75. Kc4 Rc6+ 76. Kd4 Rg6 77. Rf5 Rg3 78. Rf6+ Kc7 79. Rf7+ Kc6 80. Rf6+ Kd7 81. Rf5 Rxb3 82. Rxa5 Ra3 83. Rxa3 bxa3 84. Kc3 a2 85. Kb2 a1Q+ 86. Kxa1 1/2-1/2

[Event "Titled Tuesday intern op 13th Jun Early"]
[Site "Chess.com INT"]
[Date "2023.06.13"]
[Round "1"]
[White "Miladinovic, Igor"]
[Black "Eilers, Stefan"]
[Result "1-0"]
[WhiteElo "2507"]
[BlackElo "2300"]
[PlyCount "67"]
[EventDate "2023.06.13"]
[EventType "swiss (blitz)"]
[EventRounds "11"]
[EventCountry "USA"]
[SourceTitle "EXT 2024"]
[Source "ChessBase"]
[SourceDate "2023.10.10"]
[SourceVersion "1"]
[SourceVersionDate "2023.10.10"]
[SourceQuality "1"]

1. d4 g6 2. e4 Bg7 3. Nc3 c6 4. Be3 d5 5. Qd2 dxe4 6. Nxe4 Nd7 7. Nf3 Ngf6 8. Nxf6+ Nxf6 9. Bc4 h6 10. Ne5 Nd5 11. 0-0-0 Be6 12. Bb3 Qc7 13. Rhe1 a5 14. a4 0-0-0 15. Nd3 b6 16. f3 g5 17. Bf2 Nf4 18. Nxf4 gxf4 19. Bxe6+ fxe6 20. Rxe6 Rd6 21. Qe2 Qd7 22. Re4 e6 23. Rxf4 Kb7 24. Re4 Re8 25. c3 Rd5 26. Re1 e5 27. Bg3 h5 28. f4 Bh6 29. Kb1 h4 30. Bxh4 Qf5 31. g4 Qh7 32. f5 Bf4 33. Bg3 Bxg3 34. hxg3 1-0

[Event "Titled Tuesday intern op 13th Jun Early"]
[Site "Chess.com INT"]
[Date "2023.06.13"]
[Round "4"]
[White "Stojanovski, Sandi"]
[Black "Miladinovic, Igor"]
[Result "0-1"]
[WhiteElo "2179"]
[BlackElo "2507"]
[PlyCount "44"]
[EventDate "2023.06.13"]
[EventType "swiss (blitz)"]
[EventRounds "11"]
[EventCountry "USA"]
[SourceTitle "EXT 2024"]
[Source "ChessBase"]
[SourceDate "2023.10.10"]
[SourceVersion "1"]
[SourceVersionDate "2023.10.10"]
[SourceQuality "1"]

1. d3 d5 2. Nf3 Nc6 3. g3 e5 4. Bg2 f6 5. 0-0 Be6 6. e4 Qd7 7. Nc3 d4 8. Nd5 Nge7 9. c4 dxc3 10. Nxc3 0-0-0 11. Be3 Qxd3 12. Qa4 Qc4 13. Qxc4 Bxc4 14. Rfc1 Be6 15. b4 Kb8 16. Rd1 Re8 17. a3 Nc8 18. Nd5 Nb6 19. Rac1 Be7 20. Nd2 Bd8 21. Nb3 Ne7 22. Nxe7 Bxb3 0-1